00728nam a22002177a 4500003000500000005001700005008004100022010001000063011001000073020001500083035001100098040000900109100003800118245016500156260005900321300001800380650002500398650003500423650002600458700002600484CHAP20220329143505.0100201s1990 mx a r 00010 spa d a97448 a98420 a9683617328 a109105 cCHAP1 aHernández Zacarías, Carmen C.14aLas colecciones del jardín botánico del Instituto de Biología, UNAMc/por Carmen C. Hernández Zacarías, Tania Terrazas Arana y Edelmira Linares Mazari aMéxico, D.F. :bUNAM, Instituto de Biología,c1990 a32 p. :bilus14aBotánica médica.14aBotánicaxRegiones áridas.14aJardines botánicos.1 aTerrazas Arana, Tania